Political Africa : a who's who of personalities and parties /
Main Author:
Other Authors: ,
Format: Book
Language: English
Published:
London :
Stevens,
1961.
Subjects:
Tags: Add Tag
Call Number: DT18 .S4 1961
| LEADER | 00881namaa2200277 4500 | ||
|---|---|---|---|
| 001 | 18821 | ||
| 003 | OSt | ||
| 005 | 20260315121623.0 | ||
| 008 | 130303s1961 enkb 000 0 eng d | ||
| 010 | |a 62001394 | ||
| 040 | |c ARCE Library | ||
| 043 | |a f------ | ||
| 050 | 4 | |a DT18 .S4 1961 | |
| 100 | 1 | |a Segal, Ronald, |d 1932-2008, |e author | |
| 245 | 1 | 0 | |a Political Africa : |b a who's who of personalities and parties / |c Ronald Segal ; In collaboration with Catherine Hoskyns [and] Rosalynde Ainsile. |
| 264 | 1 | |a London : |b Stevens, |c 1961. | |
| 300 | |a ix, 475 pages : |b map ; |c 25 cm. | ||
| 555 | |a wafaa.lib. | ||
| 650 | 0 | |a Political parties |z Africa. | |
| 651 | 0 | |a Africa |v Biography. | |
| 700 | 1 | |a Hoskyns, Catherine. |9 32283 | |
| 700 | 1 | |a Ainsile, Rosalynde. |9 24958 | |
| 740 | 2 | |a A who's who of personalities and parties. | |
| 901 | |a reviewed | ||
| 942 | |c BK |2 lcc | ||
| 999 | |c 20200 |d 20200 | ||
